McDonald's First Menu Quiz Stats

 Plays Quiz Updated Aug 9, 2018

Score 0/9 Timer 02:00
2 Plays Today
% Correct
Fries
96.8%
Beer
93.1%
Drink
87%
Cheese
85.5%
Hamburger
79.1%
Coffee
78.4%
Coke
71%
Shake
65.6%
Milk
39.9%

You're not logged in!

Compare scores with friends on all Sporcle quizzes.
OR
Log In

Sporcle TV

Today on Sporcle TV


Watch our educational content, quiz creation guides, and fun videos on Sporcle TV.

Show Comments

Extras

Top Quizzes Today


Score Distribution

Your Account Isn't Verified!

In order to create a playlist on Sporcle, you need to verify the email address you used during registration. Go to your Sporcle Settings to finish the process.

Report this User

Report this user for behavior that violates our Community Guidelines.

Details: